Five biggest cities in each cardinal direction by continent - Statistics

General Stats
  • This quiz has been taken 78 times
    26 since last reset
  • The average score is 67 of 89
Answers on the Map
Answers color-coded by a green-red scale on the quiz's map according to % correct below.
 
Answer Stats
Pop City % Correct
17.1 M Los Angeles
100%
5.20 M Melbourne
100%
25.4 M Mexico City
100%
18.8 M Moscow
100%
41.2 M Tokyo
100%
7.85 M Toronto
100%
6.25 M Alexandria
96%
4.32 M Algiers
96%
3.15 M Antananarivo
96%
1.53 M Auckland
96%
21.5 M Beijing
96%
22.8 M Cairo
96%
5.10 M Cape Town
96%
9.60 M Chicago
96%
14.8 M Johannesburg
96%
21.3 M Lagos
96%
15.1 M London
96%
6.70 M Madrid
96%
27.6 M Mumbai
96%
21.8 M New York
96%
2.35 M Perth
96%
13.6 M Rio de Janeiro
96%
7.50 M San Francisco
96%
5.15 M Sydney
96%
2.72 M Tunis
96%
10.6 M Bogotá
91%
7.70 M Boston
91%
16.8 M Buenos Aires
91%
4.45 M Casablanca
91%
4.22 M Dakar
91%
35.7 M Delhi
91%
1.56 M Helsinki
91%
16.0 M Istanbul
91%
29.5 M Jakarta
91%
12.0 M Lima
91%
2.50 M Lisbon
91%
4.35 M Medellin
91%
2.45 M San Jose
91%
25.2 M Seoul
91%
41.6 M Shanghai
91%
16.8 M Tehran
91%
3.17 M Vancouver
91%
3.57 M Athens
87%
3.37 M Guatemala City
87%
7.20 M Khartoum
87%
16.3 M Kinshasa
87%
1.81 M Montevideo
87%
4.50 M Montreal
87%
6.90 M Nairobi
87%
6.35 M Saint Petersburg
87%
3.90 M Santo Domingo
87%
22.6 M São Paulo
87%
5.70 M Bamako
83%
6.65 M Dar es Salaam
83%
72.7 M Guangzhou
83%
21.0 M Karachi
83%
7.05 M Abidjan
78%
3.45 M Brisbane
78%
377 k Christchurch
78%
1.30 M Seville
78%
853 k Honolulu
74%
1.62 M Nizhny Novgorod
74%
2.50 M Sapporo
74%
5.95 M Surabaya
74%
7.00 M Bandung
70%
4.10 M Recife
70%
1.91 M San Juan
70%
3.35 M Guayaquil
61%
1.56 M Kazan
57%
4.30 M Puebla
57%
1.35 M Samara
52%
362 k Tampere
52%
363 k Victoria
52%
296 k Arkhangelsk
48%
1.23 M Ufa
48%
1.79 M Yogyakarta
39%
102 k Dunedin
35%
1.21 M João Pessoa
30%
722 k Concepción
26%
852 k La Plata
26%
49.8 k Invercargill
22%
1.8 k Bluff
13%
32.7 k Geraldton
13%
75.1 k Bunbury
9%
118 k Kailua
9%
547 k Piura
9%
329 k Asahikawa
4%
4.1 k Carnarvon
4%
365 k Olinda
4%
No matching quizzes found
Score Distribution
Percent of People with Each Score
Percentile by Number Answered
Your Score History
You have not taken this quiz since the last reset